00269 a2200121 4500001000700000020001800007040001100025100002000036240004000056245003500096300000700131362000900138184328 a85-305-0216-7 cMagnum aGuedes, Avelino10aO mistério de mister flowerslpor10aO mistério de mister flowers a780 a1999